Badania nad efektywnoscia gospodarowania w przemysle

Salvato in:
Dettagli Bibliografici
Natura: Libro
Lingua:polacco
Pubblicazione: Poznan Akademia Ekon. 1987
Edizione:1. wyd.
Serie:Zeszyty Naukowe - Seria 1 Zeszyt 150
Tags: Aggiungi Tag
Nessun Tag, puoi essere il primo ad aggiungerne!!

MARC

LEADER 00000nam a2200000 4500
001 c023349
005 20221219123215.9
041 0 |a pol 
044 |a PL 
245 1 0 |a Badania nad efektywnoscia gospodarowania w przemysle 
250 |a 1. wyd. 
264 1 |a Poznan  |b Akademia Ekon.  |c 1987 
300 |a 180 s. 
490 1 |a Zeszyty Naukowe - Seria 1  |v Zeszyt 150 
830 0 |a Zeszyty Naukowe - Seria 1  |v Zeszyt 150